书目信息 |
| 题名: |
石膏建筑材料施工手册
|
|
| 作者: | 陈燕 主编 | |
| 分册: | ||
| 出版信息: | 北京 中国计划出版社 2000.10 |
|
| 页数: | 476页 | |
| 开本: | 26cm | |
| 丛书名: | ||
| 单 册: | ||
| 中图分类: | TU521.23-62 | |
| 科图分类: | ||
| 主题词: | 建筑材料:非金属材料 | |
| 电子资源: | ||
| ISBN: | 7-80058-879-3 | |
| 000 | 00598nam0 2200193 45 | |
| 001 | 0261844063 | |
| 005 | 20191018150407.87 | |
| 010 | @a7-80058-879-3@dRMB 46.00 | |
| 100 | @a20020416d2000 km y0chiy0120 ea | |
| 101 | 0 | @achi |
| 102 | @aCN@b110000 | |
| 200 | 1 | @a石膏建筑材料施工手册@AShi Gao Jian Zhu Cai Liao Shi Gong Shou Ce@f陈燕等主编@FChen Yan Deng Zhu Bian |
| 210 | @a北京@c中国计划出版社@d2000.10 | |
| 215 | @a476页@d26cm | |
| 606 | 0 | @a建筑材料:非金属材料 |
| 690 | @aTU521.23-62@v3 | |
| 701 | 0 | @a陈燕@AChen Yan@4主编 |
| 801 | 0 | @aCN@bPFT@c20020416 |
| 905 | @a平顶山工学院@dTU521.23-62@eC615 | |
| 石膏建筑材料施工手册/陈燕等主编.-北京:中国计划出版社,2000.10 |
| 476页;26cm |
| ISBN 7-80058-879-3:RMB 46.00 |
| ● |
| 相关链接 |
|
|
|
正题名:石膏建筑材料施工手册
索取号:TU521.23-62/C615
 
预约/预借
| 序号 | 登录号 | 条形码 | 馆藏地/架位号 | 状态 | 备注 |
| 1 | 1239822 | 212398225 | 材料与化工学院资料室/ [索取号:TU521.23-62/C615] | 在馆 | |
| 2 | 353940 | 203539402 | 建筑库201/201建筑库 6排4列4层/ [索取号:TU521.23-62/C615] | 在馆 | |
| 3 | 353941 | 203539411 | 建筑库201/201建筑库 6排4列4层/ [索取号:TU521.23-62/C615] | 在馆 |